000 00515nam a22001932 4500
001 0000002999
005 20170406114654.0
008 140430s xx 000 0 eng d
020 _c$
040 _aYour Holding Symbol
_cYour Holding Symbol
100 1 _aVine LE Victor T.
245 1 4 _aThe cameroon federal republic.
250 _a ed.
260 _alondon :
_bCpornell university press,
_c1963.
300 _a205 p. ;
_c cm.
504 _aindex.
650 0 _acameroon.
908 _a140430
999 _c2880
_d2880